| 000 | 00725nam a2200181Ia 4500 | ||
|---|---|---|---|
| 008 | 090124s9999 xx 000 0 und d | ||
| 082 | _b27607 | ||
| 100 | _aपुराणिक दत्तात्रय सदाशिव | ||
| 245 | _a संचार एका कंुचल्याचा | ||
| 250 | _a1 | ||
| 260 |
_bमेघना प्रकाशन _c1982 |
||
| 300 | _a92 | ||
| 600 | _aपुराणिक दत्तात्रय सदाशिव | ||
| 630 | _a संचार एका कंुचल्याचा | ||
| 700 | _aपुराणिक दत्तात्रय सदाशिव | ||
| 730 | _a संचार एका कंुचल्याचा | ||
| 942 | _cBOOK | ||
| 999 |
_c94396 _d94396 |
||